000 01057nam a2200289 4500
001 0000012752
003 CO-CtgCURN
005 20250506203500.0
008 160627s1994 000 0 eng d
020 _a9589392032
040 _aCO-CtgCURN
_bspa
_ccoctgcurn
082 0 _a863.6
_bS43r
100 1 _aSierra García, Jaime.
245 1 0 _aEl refran antiqueño /
_cJaime Sierra García.
260 _aMedellin :
_bFondo Editorial Coperativo,
_c1994.
300 _a365 p.
336 _2rdacontent
337 _2rdamedia
_asin mediacion
_bn
338 _2rdacarrier
_avolumen
_bnc
490 1 _aColección Literaria
504 _aBibliografia (p. 356-365)
505 8 _aSociología y teoria del refran.--La ciudad y el campo en el refran.--La arrieria en Antioquia y los refranes.--El refran antiqueño y el trabajo.--El refran y otras figuras afines
650 0 _aProverbios y refranes
_vHistoria y critica.
908 _a160627
942 _cBK
_h863.6
_iS43r
_2ddc
999 _c48201
_d48201
_x1